000
00412nam a22001457a 4500
003
OSt
005
20120302151311.0
008
091022t xxu||||| |||| 00| 0 eng d
035
_a
१५६५३
040
_c
मराठी
100
_a
कर्णिक, मधुमंगेश
_9
9458
245
_a
जगन नाथ आणि कंपनी
300
_b
८८ पाने
942
_2
ddc
_c
BOOK
999
_c
494235
_d
494232